000 00508nam a2200205Ia 4500
005 20250923150322.0
008 008 250917s9999 xx 000 0 eng d
037 _aTextual
040 _aDSWL
_beng
_cDSWL
041 _aeng
_2eng
084 _qDSWL
245 0 _aState and society in South Asia
_cEd.by A Fischera
260 _aDelhi
_bSanskriti
_c2013
300 _a278p.
365 _aINR
_b1100
650 _aC Spiess
_9844652
925 _g1100
942 _cTEXL
999 _c1462124
_d1462124